Central Library OPAC University of Rajshahi

Economywide policies and the environment : (Record no. 61070)

MARC details
000 -LEADER
fixed length control field 01028nam a2200301 a 4500
001 - CONTROL NUMBER
control field 61070
003 - CONTROL NUMBER IDENTIFIER
rucl marc code BD-RjUL
005 - DATE AND TIME OF LATEST TRANSACTION
control field 20211209080922.0
008 - FIXED-LENGTH DATA ELEMENTS--GENERAL INFORMATION
fixed length control field 170115r19951994dcua b o000 0 eng d
020 ## - INTERNATIONAL STANDARD BOOK NUMBER
International Standard Book Number 0821331531
035 ## - SYSTEM CONTROL NUMBER
System control number BD-RjUL 61194
040 ## - CATALOGING SOURCE
Original cataloging agency BD-RjUL
Language of cataloging eng
Transcribing agency BD-RjUL
041 ## - LANGUAGE CODE
Language code of text/sound track or separate title eng
082 ## - DEWEY DECIMAL CLASSIFICATION NUMBER
Edition number 23
Classification number 363.7
Author mark and year MUE 1995
100 1# - MAIN ENTRY--PERSONAL NAME
Personal name Munasinghe, Mohan,
Dates associated with a name 1945-
9 (RLIN) 182247
245 10 - TITLE STATEMENT
Title Economywide policies and the environment :
Remainder of title lessons from experience /
Statement of responsibility, etc. Mohan Munasinghe and Wilfrido Cruz
260 ## - PUBLICATION, DISTRIBUTION, ETC. (IMPRINT)
Place of publication, distribution, etc. Washington, D.C :
Name of publisher, distributor, etc. World Bank,
Date of publication, distribution, etc. c1995
300 ## - PHYSICAL DESCRIPTION
Pagination ix, 86 p. :
Illustrations ill. ;
Size 28 cm
490 1# - SERIES STATEMENT
Series statement World Bank environment paper ;
Volume/sequential designation no. 10
504 ## - BIBLIOGRAPHY, ETC. NOTE
Bibliography, etc Includes bibliographical references (p. [77]-86)
650 #0 - SUBJECT ADDED ENTRY--TOPICAL TERM
Topical term or geographic name as entry element Economic policy-environmental aspects
9 (RLIN) 182246
Topical term or geographic name as entry element Sustainable development.
9 (RLIN) 173219
700 1# - ADDED ENTRY--PERSONAL NAME
Personal name Cruz, Wilfrido.
710 2# - ADDED ENTRY--CORPORATE NAME
Corporate name or jurisdiction name as entry element World Bank.
9 (RLIN) 171728
830 #0 - SERIES ADDED ENTRY--UNIFORM TITLE
Uniform title World Bank environment paper ;
Volume number/sequential designation no. 10
942 ## - ADDED ENTRY ELEMENTS (KOHA)
Source of classification or shelving scheme Dewey Decimal Classification
Koha item type Books
Holdings
Lost status Source of classification or shelving scheme Damaged status Not for loan Collection code Permanent Location Current Location Shelving location Date acquired Source of acquisition Cost, normal purchase price Total Checkouts Full call number Date last seen Copy number Koha item type
  Dewey Decimal Classification   Not For Loan Non-fiction Central Library, University of Rajshahi Central Library, University of Rajshahi Reading Room 02/07/1995 Micro Industries, Dhaka 200.00   363.7 MUE 1995 15/01/2017 C-1 Books